|
|
|
|
| LEADER |
01089nam a2200253 a 4500 |
| 001 |
3585856 |
| 008 |
090526s1965 nyua b 000 0 eng d |
| 020 |
|
|
|a 007085615x
|
| 010 |
|
|
|a 63022730
|
| 040 |
|
|
|a DLC
|c DLC
|d DLC
|
| 082 |
0 |
0 |
|a 530.13
|2 16
|
| 100 |
1 |
|
|a Reif, F.
|d 1927-
|
| 245 |
1 |
0 |
|a Fundamentals of statistical and thermal physics /
|c by F. Reif.
|
| 260 |
|
|
|a New York :
|b McGraw-Hill
|c 1965
|
| 300 |
|
|
|a x, 651 p. :
|b illus. ;
|c 23 cm.
|
| 490 |
1 |
|
|a McGraw-Hill series in fundamentals of physics
|
| 504 |
|
|
|a Bibliography: p. 631-635.
|
| 541 |
1 |
|
|e 00016238
|
| 650 |
|
0 |
|a Statistical mechanics.
|
| 650 |
|
0 |
|a Statistical thermodynamics.
|
| 852 |
4 |
|
|a Ayesha Abed Library
|j General shelf
|
| 999 |
|
|
|c 1121
|d 1121
|
| 952 |
|
|
|0 0
|1 0
|2 ddc
|4 0
|6 530_130000000000000_REI_1985
|7 0
|9 1012
|a BRACUL
|b BRACUL
|c GEN
|d 2009-06-24
|g 1205.00
|l 8
|m 50
|o 530.13 REI
|p 3010016238
|q 2026-05-21
|r 2025-10-20
|s 2025-10-20
|t 1
|w 2009-06-24
|y BK
|
| 952 |
|
|
|0 0
|1 0
|2 ddc
|4 0
|6 530_130000000000000_REI_1985
|7 0
|9 12644
|a BRACUL
|b BRACUL
|c GEN
|d 2010-10-21
|l 7
|m 13
|o 530.13 REI
|p 3010016237
|q 2026-03-31
|r 2025-11-19
|s 2025-11-19
|t 2
|w 2010-10-21
|y BK
|